বিশ্বপ্রেমিক রুমি / (Record no. 7020)
[ view plain ]
| 000 -LEADER | |
|---|---|
| fixed length control field | 00710nam a22002177a 4500 |
| 001 - CONTROL NUMBER | |
| JCCL Control Number | 7020 |
| 003 - CONTROL NUMBER IDENTIFIER | |
| JCCL marc code | BD-JhCC |
| 005 - DATE AND TIME OF LATEST TRANSACTION | |
| control field | 20180416100211.0 |
| 008 - FIXED-LENGTH DATA ELEMENTS--GENERAL INFORMATION | |
| fixed length control field | 180204b xxu||||| |||| 00| 0 eng d |
| 035 ## - SYSTEM CONTROL NUMBER | |
| system control number | (BD-JhCC)7020 |
| 040 ## - CATALOGING SOURCE | |
| Original cataloging agency | BD-JhCC |
| Modifying agency | BD-JhCC |
| 041 ## - LANGUAGE CODE | |
| Language code of Book | eng |
| 082 ## - DEWEY DECIMAL CLASSIFICATION NUMBER | |
| Classification number | 928 |
| Author mark and Year | ISH 1974 |
| 100 ## - MAIN ENTRY--PERSONAL NAME | |
| Personal name | ইসহাক, শামসুদ্দীন মুহাম্মদ |
| 245 ## - TITLE STATEMENT | |
| Title | বিশ্বপ্রেমিক রুমি / |
| Statement of responsibility, etc | শামসুদ্দীন মুহাম্মদ ইসহাক |
| 260 ## - PUBLICATION, DISTRIBUTION, ETC. (IMPRINT) | |
| Place of publication, distribution, etc | ঢাকা : |
| Name of publisher, distributor, etc | ইসলামিক ফাউন্ডেশন, |
| Date of publication, distribution, etc | 1974. |
| 300 ## - PHYSICAL DESCRIPTION | |
| Pagination | 197 p. : |
| Dimensions | 21 cm. |
| 650 ## - SUBJECT ADDED ENTRY--TOPICAL TERM | |
| Topical term or geographic name as entry element | Biography |
| 942 ## - ADDED ENTRY ELEMENTS (KOHA) | |
| Source of classification or shelving scheme | Dewey Decimal Classification |
| Koha item type | Books |
| Source of classification or shelving scheme | Damaged status | Not for loan | Home library | Current library | Shelving location | Cost, normal purchase price | Total Checkouts | Full call number | Barcode | Date last seen | Copy number | Koha item type |
|---|---|---|---|---|---|---|---|---|---|---|---|---|
| Dewey Decimal Classification | JCC Rouf Library | JCC Rouf Library | General Stacks | 19.00 | 928 ISH 1974 | 760 | 02/04/2018 | C - 1 | Books |